Obras sueltas / (Record no. 145943)

MARC details
000 -LEADER
campo de control de longitud fija 00690nam a2200217 i 4500
001 - NÚMERO DE CONTROL
campo de control 145943
003 - IDENTIFICADOR DE NÚMERO DE CONTROL
campo de control ES-MaACL
005 - FECHA Y HORA DE LA ÚLTIMA TRANSACCIÓN
campo de control 20251009181747.0
007 - CAMPO FIJO DE DESCRIPCIÓN FÍSICA--INFORMACIÓN GENERAL
campo de control de longitud fija t|
008 - DATOS DE LONGITUD FIJA--INFORMACIÓN GENERAL
campo de control de longitud fija 071018s1968 sp ||||1| spa d
100 1# - ENTRADA PRINCIPAL--NOMBRE DE PERSONA
Nombre de persona Vega, Lope de,
Fechas asociadas al nombre 1562-1635
9 (RLIN) 113563
245 10 - MENCIÓN DEL TÍTULO
Título Obras sueltas /
Mención de responsabilidad, etc. Lope de Vega ; [editor, Antonio Pérez Gómez].
260 ## - PUBLICACIÓN, DISTRIBUCIÓN, ETC.
Lugar de publicación, distribución, etc. Cieza :
Nombre del editor, distribuidor, etc. Pérez Gómez,
Fecha de publicación, distribución, etc. 1968.
300 ## - DESCRIPCIÓN FÍSICA
Extensión 2 v. :
Otras características físicas il. ;
Dimensiones 25 cm.
490 1# - MENCIÓN DE SERIE
Mención de serie El ayre de la almena ;
Designación de volumen o secuencia 19 , 26
505 8# - NOTA DE CONTENIDO CON FORMATO
Nota de contenido con formato Contiene: T. I y III
700 0# - ENTRADA AGREGADA--NOMBRE PERSONAL
Nombre de persona Pérez y Gómez, Antonio,
Fechas asociadas al nombre 1902-1976
9 (RLIN) 91216
830 0# - PUNTO DE ACCESO ADICIONAL DE SERIE-TÍTULO UNIFORME
Título uniforme El ayre de la almena ;
Designación de volumen o secuencia 19 , 26
9 (RLIN) 183709
852 ## - LOCALIZACIÓN
Ubicación ES-MaACL
Número de control de estantería P-1306
Sublocalización o colección R.65627
Holdings
Estatus retirado Estado de pérdida Estado de daño No para préstamo Biblioteca de origen Biblioteca actual Ubicación en estantería Fecha de adquisición Fuente de adquisición Total de préstamos Signatura topográfica completa Código de barras Visto por última vez Precio de reemplazo Tipo de ítem Koha
        Biblioteca del Ateneo de Madrid Biblioteca del Ateneo de Madrid Depósito 2 17/01/2008     P-1306 1152334 23/02/2023 23/02/2023 Libro impreso